000 00342 a2200145 4500
020 _a978-989-20-5648-7
040 _aISPLB
082 _a72
_b72
100 _91195
_aMINGAS,Angela B.L
245 _aDeep Hildebrando de Melo
260 _aLuanda,
_bHildebrando de Melo
_c2015.
300 _a535p
650 _aARQUITECTURA
942 _cLivros
999 _c2368
_d2368